Curso de contabilidad pública (Registro nro. 516)

Detalles MARC
000 -LEADER
fixed length control field 01011 a2200205 4500
001 - CONTROL NUMBER
control field 13203
005 - DATE AND TIME OF LATEST TRANSACTION
control field 20260407155441.0
008 - FIXED-LENGTH DATA ELEMENTS--GENERAL INFORMATION
fixed length control field 260407a1963 arg spa d
003 - CONTROL NUMBER IDENTIFIER
control field AR-UNSa-BCEJYS
040 ## - CATALOGING SOURCE
Original cataloging agency AR-UNSa-BCEJYS
Language of cataloging spa
Transcribing agency AR-UNSa-BCEJYS
080 ## - UNIVERSAL DECIMAL CLASSIFICATION NUMBER
Universal Decimal Classification number 351.72
Common auxiliary subdivision Finanzas públicas. Legislación (Contabilidad Pública, Administración financiera...)
100 1# - MAIN ENTRY--PERSONAL NAME
Personal name Atchabahian, Adolfo
245 10 - TITLE STATEMENT
Title Curso de contabilidad pública
264 #1 - PRODUCTION, PUBLICATION, DISTRIBUTION, MANUFACTURE, AND COPYRIGHT NOTICE
Place of production, publication, distribution, manufacture Buenos Aires :
Name of producer, publisher, distributor, manufacturer Aguilar
Date of production, publication, distribution, manufacture, or copyright notice 1963
300 ## - PHYSICAL DESCRIPTION
Extent 699 p.
Dimensions 22 cm.
505 ## - FORMATTED CONTENTS NOTE
Formatted contents note Parte I: 1. La contabilidad pública y su sujeto -- Parte II: Contabilidad del estado: 2. Organización de la hacienda del estado - 3. La gestión en la agenda central - 4. La gestión en las haciendas anexas - 5. Responsabilidad de los administradores y agentes de la hacienda - 6. El control parlamentario en las fases concomitantes y ulterior - 7. Las haciendas conexas o paraestatales
590 ## - LOCAL NOTE (RLIN)
Local note niveau_biblio:m niveau_hierar:0
700 1# - ADDED ENTRY--PERSONAL NAME
Personal name Massier, Guillermo
942 ## - ADDED ENTRY ELEMENTS (KOHA)
Koha item type
Existencias
Withdrawn status Lost status Damaged status Not for loan Home library Current library Shelving location Date acquired Total checkouts Full call number Barcode Date last seen Price effective from Koha item type
        Biblioteca Prof. Eusebio Cleto del Rey Biblioteca Prof. Eusebio Cleto del Rey   07/04/2026   351.72 A863c L23605 07/04/2026 07/04/2026 Libro
        Biblioteca Prof. Eusebio Cleto del Rey Biblioteca Prof. Eusebio Cleto del Rey   07/04/2026   351.72 A863c L20926 07/04/2026 07/04/2026 Libro